[Event "Riga Tech Open A 2016"]
[Site "Riga LAT"]
[Date "2016.08.14"]
[Round "9.12"]
[White "Erdogdu, Mert"]
[Black "Miezis, Normunds"]
[Result "1/2-1/2"]
[WhiteTitle "IM"]
[BlackTitle "GM"]
[WhiteElo "2436"]
[BlackElo "2506"]
[WhiteFideId "6301495"]
[BlackFideId "11600136"]
[EventDate "2016.08.08"]

1. c4 c5 2. Nc3 Nc6 3. Nf3 e5 4. e3 Nf6 5. d4 exd4 6. exd4 d5 7. Bg5 Be7 8. Be2
O-O 9. O-O cxd4 10. Nxd4 Nxd4 11. Qxd4 dxc4 12. Qxd8 Rxd8 1/2-1/2

[Event "Riga Tech Open A 2016"]
[Site "Riga LAT"]
[Date "2016.08.14"]
[Round "9.13"]
[White "Kveinys, Aloyzas"]
[Black "Petrosyan, Tigran S."]
[Result "1-0"]
[WhiteTitle "GM"]
[BlackTitle "IM"]
[WhiteElo "2509"]
[BlackElo "2462"]
[WhiteFideId "12800040"]
[BlackFideId "13303678"]
[EventDate "2016.08.08"]

1. e4 e5 2. Nf3 Nc6 3. Bb5 a6 4. Ba4 Nf6 5. O-O Be7 6. Re1 b5 7. Bb3 O-O 8. c3
d5 9. exd5 Nxd5 10. Nxe5 Nxe5 11. Rxe5 c6 12. d3 Bd6 13. Re1 Bf5 14. Bxd5 cxd5
15. Be3 Qh4 16. g3 Qh3 17. Qe2 Rae8 18. Nd2 Bg4 19. Qf1 Qh5 20. f3 Bh3 21. Qf2
Qg6 22. Nb3 Bf5 23. Bc5 Bxd3 24. Rxe8 Rxe8 25. Re1 Rf8 26. Bxd6 Qxd6 27. Qc5 Qd7
28. Qe7 Qc6 29. Nd4 Qc4 30. Qa3 Qc8 31. Qd6 Rd8 32. Qb6 Re8 33. Rxe8+ Qxe8 34.
Kf2 h6 35. Qxa6 Qd7 36. Ke3 Bf1 37. Qc6 Qh3 38. Qe8+ Kh7 39. Qxf7 Qxh2 40. Nf5
Qe2+ 41. Kd4 Qd2+ 42. Kc5 Qg5 43. f4 Qg4 44. Ne7 1-0

[Event "Riga Tech Open A 2016"]
[Site "Riga LAT"]
[Date "2016.08.14"]
[Round "9.15"]
[White "Bernotas, Arturs"]
[Black "Baghdasaryan, Vahe"]
[Result "1/2-1/2"]
[WhiteTitle "FM"]
[BlackTitle "IM"]
[WhiteElo "2306"]
[BlackElo "2488"]
[WhiteFideId "11601426"]
[BlackFideId "13303139"]
[EventDate "2016.08.08"]

1. e4 c5 2. Nf3 d6 3. Bb5+ Nc6 4. O-O Bd7 5. Re1 Nf6 6. c3 a6 7. Bf1 Bg4 8. d4
cxd4 9. cxd4 e5 10. Be3 exd4 11. Bxd4 Bxf3 12. gxf3 Be7 13. Nc3 Nxd4 14. Qxd4
O-O 15. Rad1 Re8 16. f4 Bf8 17. Bg2 Nh5 18. Nd5 Qh4 19. Qe3 Rac8 20. Qh3 Qxh3
21. Bxh3 Rc2 22. Bd7 Rd8 23. Bg4 Nf6 24. Nxf6+ gxf6 25. Re2 Rxe2 26. Bxe2 Rc8
27. Bd3 Bh6 28. f5 Bf4 29. b3 Rc3 30. Bc4 Rh3 31. Bd5 b6 32. Kg2 Rxh2+ 33. Kf3
Be5 34. Rc1 Bd4 35. Kg3 Rh5 36. f4 Bc5 37. b4 Bxb4 38. Rc7 Be1+ 39. Kg2 Kh8 40.
Rc8+ Kg7 41. Rc7 Kh8 42. Rc8+ Kg7 43. Rc7 Kh8 1/2-1/2

[Event "Riga Tech Open A 2016"]
[Site "Riga LAT"]
[Date "2016.08.14"]
[Round "9.16"]
[White "Aryan, Chopra"]
[Black "Szotkowski, Jakub"]
[Result "1-0"]
[WhiteTitle "IM"]
[WhiteElo "2485"]
[BlackElo "2406"]
[WhiteFideId "5084423"]
[BlackFideId "330590"]
[EventDate "2016.08.08"]

1. e4 c6 2. d4 d5 3. Nd2 dxe4 4. Nxe4 Bf5 5. Ng3 Bg6 6. h4 h6 7. Nf3 e6 8. Ne5
Bh7 9. Bd3 Bxd3 10. Qxd3 Nd7 11. f4 Be7 12. Bd2 Ngf6 13. O-O-O c5 14. d5 Nxe5
15. fxe5 c4 16. Qxc4 Qxd5 17. Qa4+ Qd7 18. Qb3 Nd5 19. Rhf1 Rc8 20. Qf3 Qa4 21.
Qxf7+ Kd7 22. Bc3 Rhf8 23. Qxg7 Rxf1 24. Nxf1 Qxh4 25. Ne3 Qf4 26. Bd2 Qa4 27.
Kb1 Qe4 28. Bc1 Rc6 29. Rd3 h5 30. b3 b5 31. Nxd5 exd5 32. Bg5 Re6 33. Bf6 b4
34. Qf7 h4 35. Rd1 Qf5 36. Rxd5+ Kc6 37. Rd4 Kb6 38. Rxb4+ Ka6 39. Rf4 1-0